Online
Catalog

Finanzas públicas / (Record no. 22477)

MARC details
000 -CABECERA
campo de control de longitud fija 00909nam a2200253 a 4500
001 - NÚMERO DE CONTROL
campo de control 000022980
003 - IDENTIFICADOR DEL NÚMERO DE CONTROL
campo de control DO-SdBNP
005 - FECHA Y HORA DE LA ÚLTIMA TRANSACCIÓN
campo de control 20251022101015.0
008 - DATOS DE LONGITUD FIJA--INFORMACIÓN GENERAL
campo de control de longitud fija 101124s1980 mx r 001 0 spa d
020 ## - NÚMERO INTERNACIONAL ESTÁNDAR DEL LIBRO
Número Internacional Estándar del Libro 9682400589
040 ## - FUENTE DE LA CATALOGACIÓN
Centro catalogador/agencia de origen DO-SdBNP
Lengua de catalogación spa
Centro/agencia transcriptor BNPHU
082 ## - NÚMERO DE LA CLASIFICACIÓN DECIMAL DEWEY
Número de clasificación 352.4
Número de documento/Ítem G884f
100 1# - ENTRADA PRINCIPAL--NOMBRE DE PERSONA
Nombre de persona Groves, Harold M.
9 (RLIN) 47253
245 10 - MENCIÓN DE TÍTULO
Título Finanzas públicas /
Mención de responsabilidad, etc. Harold M. Groves.
260 ## - PUBLICACIÓN, DISTRIBUCIÓN, ETC.
Lugar de publicación, distribución, etc. México :
Nombre del editor, distribuidor, etc. Trillas,
Fecha de publicación, distribución, etc. 1980.
300 ## - DESCRIPCIÓN FÍSICA
Extensión 894 p. ;
Dimensiones 24 cm.
500 ## - NOTA GENERAL
Nota general Versión autorizada en Español de la sexta edición publicada en inglés el 1939.
500 ## - NOTA GENERAL
Nota general Quinta reimpresión en Mayo 1980 de la primera edición del 1965.
504 ## - NOTA DE BIBLIOGRAFÍA, ETC.
Nota de bibliografía, etc. Incluye referencias bibliográficas y notas al pie de las páginas.
534 ## - NOTA SOBRE LA VERSIÓN ORIGINAL
Frase introductoria Título de esta edición en inglés:
Mención de título del original Financing government.
650 #0 - PUNTO DE ACCESO ADICIONAL DE MATERIA--TÉRMINO DE MATERIA
Término de materia o nombre geográfico como elemento de entrada Finanzas públicas
9 (RLIN) 32168
650 #4 - PUNTO DE ACCESO ADICIONAL DE MATERIA--TÉRMINO DE MATERIA
Término de materia o nombre geográfico como elemento de entrada Política de finanzas públicas
9 (RLIN) 7416
942 ## - ELEMENTOS DE PUNTO DE ACCESO ADICIONAL (KOHA)
Fuente del sistema de clasificación o colocación Dewey Decimal Classification
Tipo de ítem Koha Libro
Holdings
Estado de retiro Estado de pérdida Restricciones de uso No para préstamo Código de colección Localización permanente Ubicación/localización actual Ubicación en estantería Fecha de adquisición Número de inventario Total de préstamos Signatura topográfica completa Código de barras Fecha visto por última vez Precio válido a partir de Tipo de ítem Koha
    Préstamo interno   Monografías: Libros y Folletos General General En catalogación 24.11.2010 LF1   352.4 G884f 22980-10 25.06.2020 25.06.2020 Préstamo interno

Powered by Koha